[Event "New Years All-Ukrainian Open"]
[Site "Poltava UKR"]
[Date "2009.12.06"]
[Round "4"]
[White "Tantsiura,M"]
[Black "Bondar,W"]
[Result "1-0"]
[WhiteElo "1995"]
[BlackElo "2128"]

1.e4 d6 2.d4 Nf6 3.Nc3 c6 4.f4 Qa5 5.Bd3 e5 6.Nf3 Bg4 7.Be3 Nbd7 8.O-O Be7
9.Qd2 Bxf3 10.Rxf3 Bd8 11.fxe5 dxe5 12.Rg3 exd4 13.Bxd4 Bb6 14.Bxb6 Qxb6+
15.Kh1 g6 16.Rf1 Nh5 17.Rh3 f6 18.Qh6 O-O-O 19.g4 Qxb2 20.Nd1 Qxa2 21.gxh5 g5
22.Qg7 Qe6 23.Re3 h6 24.Qg6 Rhf8 25.Qxh6 Rh8 26.Qg6 Rdg8 27.Qf5 Qxf5 28.Rxf5 Rxh5
29.Bc4 Rgh8 30.Re2 Kc7 31.Be6 R8h6 32.Bxd7 Kxd7 33.Ra5 a6 34.Ne3 Ke6 35.Rf2 Rg6
36.Nf5 Rh7 37.c4 Rd7 38.Rb2 Rg8 39.c5 Rgd8 40.Nd6 Rb8 41.Rxa6 bxa6 42.Rxb8 Ra7
43.Rb6 a5 44.Rxc6 Kd7 45.Rb6 a4 46.Nb5 a3 47.Nxa7  1-0

[Event "30th Edoardo Crespi Magistrale"]
[Site "Milan ITA"]
[Date "2009.12.07"]
[Round "4"]
[White "Abasov,N"]
[Black "Lazic,Mir"]
[Result "1/2-1/2"]
[WhiteElo "2522"]
[BlackElo "2454"]

1.e4 d6 2.d4 Nf6 3.Nc3 e5 4.Nf3 Nbd7 5.Bc4 Be7 6.O-O O-O 7.Re1 c6 8.a4 a5
9.h3 exd4 10.Qxd4 Nc5 11.b3 Be6 12.Bb2 Ne8 13.Rad1 Qc7 14.Nh2 Rd8 15.Ng4 Qc8
16.Bxe6 fxe6 17.Ba3 b6 18.b4 axb4  1/2-1/2

[Event "Open"]
[Site "Pilsen CZE"]
[Date "2009.12.07"]
[Round "3"]
[White "Stachanczyk,J"]
[Black "Zakharchenko,A"]
[Result "1-0"]
[WhiteElo "2242"]
[BlackElo "2206"]

1.e4 d6 2.d4 Nf6 3.Nc3 c6 4.f4 Qa5 5.e5 Ne4 6.Be3 Bf5 7.Bd3 e6 8.Bxe4 Bxe4
9.Qd2 Bg6 10.Nge2 Na6 11.O-O O-O-O 12.a3 Qc7 13.b4 Nb8 14.Na4 f6 15.exf6 gxf6
16.d5 b5 17.Nac3 exd5 18.f5 Bf7 19.a4 bxa4 20.Rxa4 a6 21.Ra5 Rd7 22.Na4 Re7
23.Bb6 Qb7 24.Bd4 Bg7 25.Nb6+ Kd8 26.Nf4 Re4 27.c4 dxc4 28.Bc5 d5 29.Ne6+ Bxe6
30.fxe6 Re8 31.e7+ R8xe7 32.Bxe7+ Qxe7 33.Nxd5 cxd5 34.Qxd5+ Ke8 35.Qa8 Kf7
36.Qxb8 Re2 37.Qf4 Qxb4 38.Rxa6 Rxg2+ 39.Kh1 Rg6 40.Ra7+ Kg8 41.Qe4 Bf8 42.Qe6+ Kh8
43.Rf7  1-0

[Event "London Classic FIDE Open"]
[Site "London ENG"]
[Date "2009.12.09"]
[Round "2"]
[White "Doran,C"]
[Black "Chapman,T"]
[Result "0-1"]
[WhiteElo "1963"]
[BlackElo "2222"]

1.e4 d6 2.d4 Nf6 3.Nc3 c6 4.Be3 Qb6 5.Rb1 Ng4 6.Bg5 e5 7.Nf3 h6 8.Bh4 Nd7
9.h3 Ngf6 10.Bc4 Be7 11.O-O O-O 12.Re1 Qc7 13.dxe5 dxe5 14.a4 Bb4 15.Bg3 Qa5
16.Qe2 Bxc3 17.bxc3 Qxc3 18.Bh4 Re8 19.Nd2 g5 20.Rb3 Qa5 21.Rg3 Nc5 22.Rf3 Qd8
23.Bg3 Qe7 24.a5 b5 25.axb6 axb6 26.Qe3 Kg7 27.h4 g4 28.Rf5 Bxf5 29.exf5 Nfd7
30.Qe2 h5 31.f3 Ra3 32.Nb3 b5 33.Bd3 Nxb3 34.cxb3 Qb4 35.fxg4 Qxg4 36.Qb2 Qxg3
37.Qxa3 Qxe1+  0-1

[Event "ch-IND National A"]
[Site "Mumbai IND"]
[Date "2009.12.09"]
[Round "8"]
[White "Girinath,P"]
[Black "Koshy,V"]
[Result "1/2-1/2"]
[WhiteElo "2378"]
[BlackElo "2280"]

1.e4 d6 2.d4 Nf6 3.Nc3 e5 4.dxe5 dxe5 5.Qxd8+ Kxd8 6.Bc4 Be6 7.Bxe6 fxe6
8.f3 a6 9.Be3 Bd6 10.Nb1 Ke7 11.Nd2 Nc6 12.c3 b5 13.Nh3 Nd7 14.Nf2 Bc5 15.Bxc5+ Nxc5
16.Nb3 Na4 17.Nd3 a5 18.Nbc5 Nxc5 19.Nxc5 a4 20.O-O-O Rhd8 21.Kc2 Na5 22.Rxd8 Rxd8
23.b3 axb3+ 24.axb3 Nc6 25.b4 Ra8 26.Kb2 Nb8 27.Rd1 Ra7 28.g3 c6 29.Kb3 Nd7
30.Nxd7 Rxd7 31.Rxd7+ Kxd7  1/2-1/2

[Event "Open"]
[Site "Pilsen CZE"]
[Date "2009.12.09"]
[Round "6"]
[White "Strzelczyk,A"]
[Black "Zakharchenko,A"]
[Result "0-1"]
[WhiteElo "1826"]
[BlackElo "2206"]

1.e4 d6 2.d4 Nf6 3.Nc3 c6 4.f4 Qa5 5.Bd3 e5 6.Nf3 Bg4 7.dxe5 dxe5 8.O-O Nbd7
9.Kh1 Bd6 10.Qe1 Bxf3 11.Rxf3 exf4 12.Bxf4 Bxf4 13.Rxf4 O-O 14.Rf5 Qc7 15.e5 Rae8
16.Qg3 Rxe5 17.Raf1 Rfe8 18.Rg5 g6 19.Ne4 Nxe4 20.Bxe4 Nc5 21.Bf3 Qe7 22.Qxe5 Qxe5
23.Rxe5 Rxe5 24.Kg1 Kf8 25.Rd1 Ke7 26.g3 Re6 27.Kf2 Ne4+ 28.Kf1 Nd6 29.Rd4 Re5
30.Ra4 a6 31.Rh4 h5 32.Rd4 Kd7 33.a3 Kc7 34.Kf2 Rf5 35.Kg2 Rf6 36.Rb4 c5
37.Rb3 b6 38.Be2 a5 39.Bf3 Nf5 40.Rc3 Nd4 41.Bd5 Kd6 42.Be4 Re6 43.Bd3 Re7
44.Kf2 Nc6 45.Bb5 Kc7 46.Bc4 Ne5 47.Bb5 Ng4+ 48.Kg1 Re3 49.Rxe3 Nxe3 50.Be8 g5
51.Bxf7 h4 52.Bg6 hxg3 53.hxg3 Nc4 54.b3 Nxa3 55.Kf2 Kd6 56.Ke3 Ke5 57.Bd3 Nb1
58.Bb5 Nc3 59.Bc6 Nd5+ 60.Kf3 Nb4 61.Be4 b5 62.Bh7 a4 63.bxa4 bxa4 64.Bg8 a3
65.Kg4 Kf6 66.c3 a2  0-1

[Event "New Years All-Ukrainian Open"]
[Site "Poltava UKR"]
[Date "2009.12.09"]
[Round "7"]
[White "Matjushin,O"]
[Black "Bondar,W"]
[Result "1-0"]
[WhiteElo "2167"]
[BlackElo "2128"]

1.d4 d6 2.e4 Nf6 3.Nc3 c6 4.f4 Qa5 5.Bd3 e5 6.Nf3 Bg4 7.dxe5 dxe5 8.O-O Nbd7
9.h3 Bxf3 10.Qxf3 Bd6 11.f5 h6 12.a3 g5 13.fxg6 fxg6 14.Be3 Bc5 15.b4 Bxe3+
16.Qxe3 Qb6 17.Qxb6 axb6 18.Bc4 Ke7 19.a4 Rhf8 20.g3 Nh5 21.Kg2 Rxf1 22.Rxf1 Rf8
23.Rxf8 Nxf8 24.Ne2 Nf6 25.Kf3 N8h7 26.h4 h5 27.Nc1 Ng4 28.Nb3 Nhf6 29.Bd3 Nd7
30.Nd2 Nh2+ 31.Ke2 Ng4 32.c3 Kf6 33.Nc4 Ke6 34.Ne3 Nxe3 35.Kxe3 Kf6 36.Bf1 Nf8
37.Bh3 Ne6 38.Kd3 Ke7 39.Kc4 Kd6 40.Bxe6 Kxe6 41.a5 bxa5 42.bxa5 Kd6 43.Kb4 Kd7
44.Kc5 Kc7 45.c4 b6+ 46.axb6+ Kb7 47.Kd6 Kxb6 48.Kxe5  1-0

[Event "Commonwealth Open"]
[Site "Singapore SIN"]
[Date "2009.12.10"]
[Round "1"]
[White "Chua Zheng Yuan,T"]
[Black "Mitali,M"]
[Result "1-0"]
[WhiteElo "2256"]
[BlackElo "2007"]

1.e4 d6 2.d4 Nf6 3.Nc3 e5 4.Nf3 Nbd7 5.Bc4 Be7 6.h3 c6 7.a4 O-O 8.Be3 b6
9.O-O Bb7 10.dxe5 dxe5 11.Qe2 Qc7 12.Rad1 a6 13.Nh4 b5 14.Nf5 Bc5 15.Ba2 b4
16.Nb1 a5 17.Bc4 Bxe3 18.Qxe3 Ba6 19.Nd2 g6 20.Ng3 Nb6 21.Bxa6 Rxa6 22.Qg5 Ne8
23.b3 Ng7 24.Nf3 f6 25.Qd2 Ra7 26.h4 Ne6 27.h5 Nf4 28.hxg6 hxg6 29.Ne2 Nxe2+
30.Qxe2 Qe7 31.Qe3 Rb7 32.Rd3 Kg7 33.Nh4 Rh8 34.Qg3 Qf7 35.Nf5+ Kg8 36.Rd8+ Kh7
37.Qh4+  1-0

[Event "London Classic FIDE Open"]
[Site "London ENG"]
[Date "2009.12.11"]
[Round "4"]
[White "Rodriguez Fonseca,J"]
[Black "Chapman,T"]
[Result "0-1"]
[WhiteElo "2032"]
[BlackElo "2222"]

1.e4 d6 2.d4 Nf6 3.Nc3 c6 4.f3 e5 5.dxe5 dxe5 6.Qxd8+ Kxd8 7.Bc4 Ke8 8.a4 a5
9.Be3 Na6 10.Nh3 Bxh3 11.gxh3 Nd7 12.Rg1 g6 13.Rg2 Bc5 14.Bh6 Ke7 15.Nd1 Nc7
16.Ne3 Ne6 17.Bxe6 Kxe6 18.Nc4 Nb6 19.Nd2 Rhd8 20.Nb3 Be7 21.Bd2 Nc4 22.Bc3 b5
23.f4 f6 24.f5+ gxf5 25.exf5+ Kxf5 26.Rg7 Bd6 27.Ke2 b4 28.Be1 Rg8 29.Rd7 Rg2+
30.Bf2 Ke6 31.Rxh7 e4 32.Nd4+ Kd5 33.Rh5+ Be5 34.Nf5 Ke6 35.Rb1 Rg5 36.Rxg5 fxg5
37.Ne3 Nxb2 38.Ng4 Nxa4 39.Ke3 Nc3 40.Rg1 Bf4+ 41.Kd4 Ne2+  0-1

[Event "TCh-NED 2009-10"]
[Site "Netherlands NED"]
[Date "2009.12.12"]
[Round "4"]
[White "Sokolov,Ivan"]
[Black "Abeln,M"]
[Result "1-0"]
[WhiteElo "2655"]
[BlackElo "2334"]

1.d4 d6 2.e4 Nf6 3.Nc3 e5 4.Nf3 exd4 5.Nxd4 Be7 6.Nde2 O-O 7.g3 Bg4 8.Bg2 Qc8
9.h3 Bd7 10.g4 Re8 11.g5 Nh5 12.Bf3 g6 13.Bxh5 gxh5 14.Nf4  1-0

[Event "Bundesliga 2009-10"]
[Site "Berlin GER"]
[Date "2009.12.13"]
[Round "6"]
[White "Berndt,S"]
[Black "Hausrath,D"]
[Result "1/2-1/2"]
[WhiteElo "2442"]
[BlackElo "2528"]

1.e4 d6 2.d4 Nf6 3.Nc3 e5 4.Nf3 Nbd7 5.Bc4 Be7 6.O-O O-O 7.Re1 a6 8.a4 b6
9.b3 Bb7 10.Bb2 h6 11.Qd2 Re8 12.Rad1 Bf8 13.dxe5 dxe5 14.Nd5 Bd6 15.Nxf6+ Qxf6
16.Bd5 Bxd5 17.Qxd5 Rad8 18.Qc4 a5 19.Bc1 Bc5 20.Rd5 Nf8 21.Red1 Rxd5 22.Rxd5  1/2-1/2

[Event "London Classic FIDE Open"]
[Site "London ENG"]
[Date "2009.12.13"]
[Round "7"]
[White "Williams,Si1"]
[Black "Cherniaev,A1"]
[Result "1/2-1/2"]
[WhiteElo "2550"]
[BlackElo "2465"]

1.d4 d6 2.e4 Nf6 3.Nc3 e5 4.Nf3 Nbd7 5.g4 c6 6.g5 Nh5 7.Bc4 g6 8.dxe5 dxe5
9.Nh4 Qc7 10.Qf3 Nc5 11.Be3 b5 12.Bf1 a6 13.O-O-O  1/2-1/2

[Event "Tch-SLO League"]
[Site "Rogaska Slatina SLO"]
[Date "2009.12.13"]
[Round "5"]
[White "Mestrovic,Z"]
[Black "Kovac,B"]
[Result "1-0"]
[WhiteElo "2331"]
[BlackElo "2338"]

1.e4 d6 2.d4 Nf6 3.Nc3 e5 4.dxe5 dxe5 5.Qxd8+ Kxd8 6.Bg5 Be6 7.O-O-O+ Nd7
8.Nf3 h6 9.Bh4 Bd6 10.Bg3 Ke7 11.Bd3 c6 12.Rd2 Nh5 13.Rhd1 Nxg3 14.hxg3 Bb4
15.Bc4 Bg4 16.Be2 g6 17.Ne1 Be6 18.Bc4 Rad8 19.Bxe6 Kxe6 20.Nd3 Be7 21.f4 f6
22.Ne2 g5 23.g4 h5 24.gxh5 f5 25.exf5+ Kxf5 26.Nf2 Bc5 27.Ng3+ Ke6 28.f5+ Ke7
29.Ng4 Bb6 30.Ne4 Rxh5 31.Rxd7+ Rxd7 32.Rxd7+ Kf8 33.Nef6 Rh1+ 34.Rd1  1-0

[Event "Tch-SLO League"]
[Site "Rogaska Slatina SLO"]
[Date "2009.12.13"]
[Round "5"]
[White "Jeric,S"]
[Black "Mohr,G"]
[Result "1/2-1/2"]
[WhiteElo "2294"]
[BlackElo "2502"]

1.e4 d6 2.d4 Nf6 3.Nc3 e5 4.dxe5 dxe5 5.Qxd8+ Kxd8 6.Bc4 Be6 7.Bxe6 fxe6
8.f3 Bd6 9.Be3 Nbd7 10.Nge2 Ke7 11.Nc1 a6 12.Nd3 h6 13.a4 b6 14.Ke2 Rhc8
15.Nb1 b5 16.axb5 axb5 17.Nd2  1/2-1/2

[Event "16th Open A"]
[Site "Zadar CRO"]
[Date "2009.12.13"]
[Round "1"]
[White "Armanda,I"]
[Black "Jovanovic,Zo CRO"]
[Result "0-1"]
[WhiteElo "2343"]
[BlackElo "2532"]

1.e4 d6 2.d4 Nf6 3.Nc3 e5 4.Nf3 Nbd7 5.Bc4 Be7 6.O-O O-O 7.a4 a6 8.Re1 b6
9.b3 c6 10.d5 c5 11.Qe2 Ne8 12.Ba3 g6 13.b4 Qc7 14.b5 a5 15.Bc1 Ng7 16.Ra3 Kh8
17.Bh6 Nf6 18.Qd2 Ng8 19.Bxg7+ Kxg7 20.Ne2 Qd8 21.Qc3 Bf6 22.Nd2 Kh8 23.Ng3 Bg7
24.Qb3 Bh6 25.Ngf1 f5 26.exf5 gxf5 27.Be2 Ra7 28.Nc4 Rg7 29.Qb2 Nf6 30.Rh3 Bg5
31.Ra3 Rfg8 32.Kh1 Ne4 33.Rf3 Bf6 34.Ng3 Nxg3+ 35.Rxg3 e4 36.Qb3 Bd4 37.Rxg7 Rxg7
38.Rf1 f4 39.Nd2 f3 40.Nxf3 exf3 41.Bxf3 Qf6 42.Qc4 Bf5 43.Qe2 Re7 44.Qd1 Bc3
45.Bg4 Bxg4 46.Qxg4 Qxf2 47.Qc8+ Kg7 48.Qg4+ Kh6 49.Qh3+ Kg5 50.Qd3 Re1  0-1

[Event "London Classic FIDE Open"]
[Site "London ENG"]
[Date "2009.12.14"]
[Round "8"]
[White "Gullaksen,E"]
[Black "Chapman,T"]
[Result "1-0"]
[WhiteElo "2400"]
[BlackElo "2222"]

1.e4 d6 2.d4 Nf6 3.Nc3 c6 4.a4 Qa5 5.Bd3 e5 6.Ne2 Be7 7.O-O O-O 8.Bd2 Nbd7
9.Nd5 Qd8 10.Nxe7+ Qxe7 11.Ng3 g6 12.c3 d5 13.exd5 cxd5 14.Re1 Qd6 15.dxe5 Nxe5
16.Bf4 Nfd7 17.Bb5 f6 18.Qd4 g5 19.Nf5 Qe6 20.Bxe5 Qxf5 21.Bd6  1-0

[Event "London Classic FIDE Open"]
[Site "London ENG"]
[Date "2009.12.14"]
[Round "8"]
[White "Rowe,D"]
[Black "Conquest,S"]
[Result "0-1"]
[WhiteElo "2194"]
[BlackElo "2563"]

1.e4 d6 2.d4 Nf6 3.Nc3 c6 4.Be3 Qb6 5.Rb1 Nbd7 6.h3 Qa5 7.b4 Qc7 8.Nf3 e5
9.Be2 Be7 10.O-O O-O 11.Qd3 Re8 12.Rfd1 Bf8 13.dxe5 dxe5 14.Bg5 h6 15.Bh4 Nh5
16.Qc4 Nf4 17.Bf1 Nb6 18.Qb3 Be6 19.Qb2 Nc4 20.Bxc4 Bxc4 21.Nd2 Be6 22.a4 Bxh3
23.Bg3 Nxg2 24.Kh2 Qc8 25.Ne2 Qg4 26.Ng1 Nf4 27.f3 Qh5 28.Bxf4 Bf1+ 29.Kg3 exf4+
30.Kf2 Ba6 31.c4 Qh2+ 32.Kf1 Rad8 33.Qc3 Re6 34.Ke1 Qxg1+ 35.Nf1 Be7 36.Rxd8+ Bxd8
37.Qd3 Bh4+ 38.Kd2 Qf2+ 39.Kc3 Qa2 40.b5 Bf6+ 41.Kb4 c5+  0-1

[Event "16th Open A"]
[Site "Zadar CRO"]
[Date "2009.12.18"]
[Round "8"]
[White "Zelcic,R"]
[Black "Jovanovic,Zo CRO"]
[Result "1-0"]
[WhiteElo "2545"]
[BlackElo "2532"]

1.e4 d6 2.d4 Nf6 3.Nc3 e5 4.Nf3 Nbd7 5.Bc4 Be7 6.O-O O-O 7.Re1 a6 8.a4 b6
9.h3 Bb7 10.Ba2 h6 11.Qe2 exd4 12.Nxd4 Re8 13.Bf4 Ne5 14.Bxe5 dxe5 15.Nf5 Rf8
16.Rad1 Qe8 17.Nd5 Nxd5 18.exd5 Bf6 19.d6 Qxa4 20.Bb3 Qf4 21.Ne7+ Kh8 22.Bd5 cxd6
23.Bxb7 Bxe7 24.Bxa8 Rxa8 25.Qd3 Qb4 26.b3 Qc5 27.Qf3 Rf8 28.Qb7 Bh4 29.Re2 a5
30.Rd5 Qb4 31.Qd7 Rd8 32.Qxf7 a4 33.bxa4 Qb1+ 34.Kh2 Qf1 35.Qf3 Kg8 36.Red2 Rf8
37.Qe2 Qa1 38.Qc4 Rf4 39.R5d4+ Kh8 40.Rxf4 exf4 41.Qc8+  1-0

[Event "ch-CXG IRT JC Ferreira"]
[Site "Rio de Janeiro BRA"]
[Date "2009.12.19"]
[Round "6"]
[White "Santos Filho,T"]
[Black "Rebello,O"]
[Result "0-1"]
[WhiteElo "2116"]
[BlackElo "2082"]

1.e4 d6 2.d4 Nf6 3.Nc3 c6 4.f4 Qa5 5.Bd3 e5 6.fxe5 dxe5 7.dxe5 Ng4 8.Be2 Nxe5
9.Nf3 Nxf3+ 10.gxf3 Bc5 11.Qd2 Na6 12.Bxa6 Qxa6 13.Qg5 Bd4 14.Ne2 Bf6 15.Qc5 Bd7
16.Bf4 b6 17.Qd6 Be7 18.Qe5 f6 19.Qh5+ g6 20.Qh6 O-O-O 21.Qg7 Rhe8 22.Nd4 c5
23.Ne2 g5 24.Bg3 Be6 25.Nc3 Qc4 26.Rd1 Rxd1+ 27.Kxd1 b5 28.Kc1 b4 29.Nb1 Qxa2
30.Rd1 Qc4 31.Rd3 Qa6 32.Qxh7 c4 33.Rd4 c3 34.bxc3 bxc3 35.Nxc3 Qa1+ 36.Kd2 Rd8
37.Rxd8+ Bxd8  0-1

[Event "9th Amplico Life Rapid"]
[Site "Warsaw POL"]
[Date "2009.12.19"]
[Round "4"]
[White "Rozentalis,E"]
[Black "Sakalauskas,V"]
[Result "1/2-1/2"]
[WhiteElo "2611"]
[BlackElo "2418"]

1.e4 d6 2.d4 Nf6 3.Nc3 c6 4.Nf3 Bg4 5.Be2 e6 6.h3 Bh5 7.O-O Be7 8.Be3 O-O
9.Qd2 d5 10.e5 Nfd7 11.Nh2 Bg6 12.f4 c5 13.Nf3 Nc6 14.g4 Be4 15.dxc5 Nxc5
16.Nd4 Rc8 17.Nxc6 Rxc6 18.b4 Nd7 19.Nxe4 dxe4 20.Rfd1 Nb6 21.Qxd8 Rxd8 22.Bc5 Rxd1+
23.Rxd1 Bh4 24.Bb5 Rc7 25.c4 h6 26.Bxb6 axb6 27.Kg2 Rc8 28.Rd7 Rd8 29.Rxd8+ Bxd8
30.Bd7 g5 31.f5 exf5 32.gxf5 Bc7 33.e6 fxe6 34.Bxe6+ Kg7 35.Bd5 e3 36.Bxb7 Kf6
37.Bc8 Bd6 38.b5 Ke5 39.Kf3 Kd4 40.Ke2 Bc5 41.Be6 Ke4 42.a4 h5 43.Bd7 Ke5
44.Be6  1/2-1/2

[Event "16th Open A"]
[Site "Zadar CRO"]
[Date "2009.12.19"]
[Round "9"]
[White "Zufic,M"]
[Black "Stojanovic,Andj"]
[Result "1/2-1/2"]
[WhiteElo "2453"]
[BlackElo "2329"]

1.e4 d6 2.d4 Nf6 3.Nc3 e5 4.Nf3 exd4 5.Nxd4 Be7 6.g3 Nc6 7.Bg2 Bg4 8.f3 Nxd4
9.Qxd4 Bd7 10.Be3 b5 11.g4 c5 12.Qd2 b4 13.Ne2 Bc6 14.Ng3 g6 15.O-O-O Qa5
16.Kb1 O-O-O 17.g5  1/2-1/2

[Event "9th Amplico Life Rapid"]
[Site "Warsaw POL"]
[Date "2009.12.20"]
[Round "9"]
[White "Czarnota,D"]
[Black "Lubczynski,R"]
[Result "0-1"]
[WhiteElo "2214"]
[BlackElo "2428"]

1.e4 d6 2.d4 Nf6 3.Nc3 e5 4.Nf3 Nbd7 5.Bc4 Be7 6.O-O O-O 7.Re1 a6 8.a4 b6
9.b3 Bb7 10.d5 Kh8 11.Bd3 Ng8 12.h3 g6 13.g4 f6 14.Nh2 Bc8 15.b4 a5 16.b5 Nc5
17.Be3 Nxd3 18.Qxd3 f5 19.f3 Bh4 20.Rf1 Rf7 21.Bf2 h5 22.Ne2 Bxf2+ 23.Rxf2 Qh4
24.Kg2 fxg4 25.hxg4 hxg4 26.Nxg4 Rh7 27.Ng1 Bxg4 28.fxg4 Qxg4+ 29.Kf1 Rh1  0-1

[Event "9th Amplico Life Rapid"]
[Site "Warsaw POL"]
[Date "2009.12.20"]
[Round "9"]
[White "Socko,B"]
[Black "Kuzmicz,K"]
[Result "1-0"]
[WhiteElo "2643"]
[BlackElo "2417"]

1.e4 d6 2.d4 Nf6 3.Nc3 e5 4.Nf3 Nbd7 5.Bc4 Be7 6.O-O O-O 7.Re1 a6 8.a4 b6
9.Nd5 Bb7 10.Nxe7+ Qxe7 11.Bd3 c5 12.d5 Nh5 13.Ra3 Nf4 14.Bf1 Bc8 15.g3 Ng6
16.Nd2 Nf6 17.c4 Bd7 18.Nb1 Rab8 19.Nc3 h6 20.Bd3 Bg4 21.f3 Bd7 22.Qc2 Nh7
23.h4 Nf6 24.Be3 Nh5 25.Bf2 Qf6 26.Qd1 Ne7 27.f4 g6 28.f5 Kh8 29.Be2 Nxg3
30.Bxg3 gxf5 31.Kh2 Rg8 32.Rg1 fxe4 33.Qf1 Qxf1 34.Bxf1 f5 35.Bh3 Rbd8 36.h5 f4
37.Bh4 Rxg1 38.Kxg1 Bxh3 39.Bxe7 Rd7 40.Nxe4 Bg4 41.Bxd6  1-0

[Event "Christamas Open Masters"]
[Site "Zurich SUI"]
[Date "2009.12.26"]
[Round "1"]
[White "Karrer,D"]
[Black "Pikula,D"]
[Result "0-1"]
[WhiteElo "2155"]
[BlackElo "2541"]

1.e4 d6 2.d4 Nf6 3.Nc3 e5 4.dxe5 dxe5 5.Qxd8+ Kxd8 6.Bg5 Be6 7.O-O-O+ Nd7
8.f4 exf4 9.Nf3 h6 10.Bxf6+ gxf6 11.Nd5 Bd6 12.Nxf6 Nxf6 13.e5 Ng4 14.Rd4 Nxe5
15.Nxe5 Ke7 16.Nd3 c5 17.Re4 f5 18.Re1 Kf6 19.Be2 c4 20.Nf2 Bc5 21.Nd1 Bd5
22.Bf3 Bxf3 23.gxf3 Rad8 24.Re2 Rhe8 25.Rhe1 Rxe2 26.Rxe2 Rg8 27.Kd2 b5 28.a4 Rd8+
29.Kc1 bxa4 30.Nc3 a3 31.bxa3 Bxa3+ 32.Kb1 Bb4 33.Kb2 Ba5 34.Nb1 Rb8+  0-1

[Event "18th Donau Open"]
[Site "Aschach AUT"]
[Date "2009.12.27"]
[Round "2"]
[White "Mayerhofer,P"]
[Black "Neuman,P"]
[Result "1-0"]
[WhiteElo "2194"]
[BlackElo "2439"]

1.e4 d6 2.d4 Nf6 3.Nc3 e5 4.Nf3 Nbd7 5.Bc4 Be7 6.O-O O-O 7.Qe2 c6 8.a4 exd4
9.Nxd4 Re8 10.Bf4 Bf8 11.Qf3 Ne5 12.Bxe5 Rxe5 13.h3 Qe7 14.Bd3 g6 15.Qg3 Nh5
16.Qh2 Qc7 17.f4 Re7 18.Kh1 Qb6 19.Nb3 Bg7 20.a5 Qc7 21.g4 Nf6 22.f5 Nd7
23.g5 Be5 24.Qf2 b5 25.axb6 Nxb6 26.Qh4 Qd8 27.Na5 Rc7 28.Nc4 Nxc4 29.Bxc4 d5
30.Bb3 Bb7 31.Rad1 Rd7 32.Na4 Qf8 33.c3 Rad8 34.Kg2 dxe4 35.fxg6 hxg6 36.Rxf7 Qxf7
37.Bxf7+ Kxf7 38.Rxd7+ Rxd7 39.Qf2+ Kg8 40.Nc5 Re7 41.Qe2 Bc8 42.Qxe4 Bf5
43.Qxc6 Bf4 44.Qd5+ Kh7 45.h4 a5 46.Qd8 Rc7 47.Qd4 Bc1 48.Qd6 Rf7 49.b4 axb4
50.cxb4 Ra7 51.Qd5 Re7 52.b5 Re2+ 53.Kf3 Re3+ 54.Kf2 Rh3 55.Qf7+ Kh8 56.Nd7  1-0

[Event "26th Open"]
[Site "Geneva SUI"]
[Date "2009.12.27"]
[Round "3"]
[White "Bertola,N"]
[Black "Okhotnik,V"]
[Result "0-1"]
[WhiteElo "2041"]
[BlackElo "2463"]

1.e4 d6 2.d4 Nf6 3.Nc3 e5 4.Nf3 Nbd7 5.Be2 Be7 6.O-O O-O 7.h3 c6 8.Be3 b5
9.a3 a6 10.Nd2 Bb7 11.f4 exd4 12.Bxd4 c5 13.Bxf6 Bxf6 14.Bf3 c4 15.Rb1 Bxc3
16.bxc3 Nc5 17.Re1 Re8 18.e5 dxe5 19.Bxb7 Nxb7 20.Nxc4 exf4 21.Rxe8+ Qxe8
22.Qf3 Rb8 23.a4 Qc8 24.Nd2 Qf5 25.axb5 axb5 26.Rb4 g5 27.c4 Qc5+  0-1

[Event "North American Open"]
[Site "Las Vegas USA"]
[Date "2009.12.28"]
[Round "5"]
[White "Friedel,J"]
[Black "Lein,A"]
[Result "1-0"]
[WhiteElo "2551"]
[BlackElo "2301"]

1.e4 d6 2.d4 Nf6 3.Nc3 e5 4.Nf3 Nbd7 5.Bc4 Be7 6.O-O O-O 7.Re1 c6 8.a4 a5
9.b3 Qc7 10.Bb2 Nb6 11.Be2 Re8 12.h3 Bf8 13.Bd3 g6 14.Ne2 Bg7 15.Ng3 Nbd7
16.Qd2 exd4 17.Nxd4 Nc5 18.Qf4 Nxd3 19.cxd3 Qe7 20.Rac1 c5 21.Nb5 Nh5 22.Nxh5 Bxb2
23.Nxd6 Be5 24.Nxc8 Raxc8 25.Qg4 Qd6 26.f4 Bh8 27.Rcd1 b5 28.axb5 Qb6 29.Kh1 Qxb5
30.e5 Qxb3 31.f5 a4 32.e6 a3 33.Nf4 Bg7 34.Rb1 gxf5 35.Qxg7+  1-0

[Event "North American Open"]
[Site "Las Vegas USA"]
[Date "2009.12.28"]
[Round "5"]
[White "Naroditsky,D"]
[Black "Akobian,V"]
[Result "0-1"]
[WhiteElo "2339"]
[BlackElo "2624"]

1.e4 d6 2.d4 Nf6 3.Nc3 c6 4.Nf3 Bg4 5.Be2 Nbd7 6.O-O e5 7.Be3 Be7 8.a4 O-O
9.dxe5 dxe5 10.Nd2 Bxe2 11.Qxe2 Qc7 12.Nc4 Nc5 13.f4 exf4 14.Bxf4 Qd7 15.Rad1 Qe6
16.Rfe1 Rad8 17.Rxd8 Rxd8 18.b3 b6 19.e5 Nd5 20.Nxd5 cxd5 21.Nd6 h6 22.Nb5 d4
23.Nc7 Qf5 24.e6 fxe6 25.Nxe6 d3 26.cxd3 Rxd3 27.Bb8 Nxe6 28.Qxe6+ Qxe6 29.Rxe6 Bc5+
30.Kf1 a5 31.Rg6 Rxb3 32.Be5 Kf7 33.Rxg7+ Ke6 34.Bf4 Rb4 35.Bc7 h5 36.Rh7 h4
37.g3 hxg3 38.hxg3 Kd5 39.Rh4 Bd4 40.Rh6 Kc4 41.g4 Kb3 42.g5 Kxa4 43.g6 b5
44.Ke2 Bf6 45.Kf3 Rc4 46.Bd8 Bc3 47.Rh2 Rc8 48.Bg5 Rg8 49.Ke4 Rxg6 50.Be3 b4
51.Kd3 Kb3  0-1

[Event "11th Christmas Open"]
[Site "Litomysl CZE"]
[Date "2009.12.28"]
[Round "3"]
[White "Plat,V"]
[Black "Zakharchenko,A"]
[Result "1/2-1/2"]
[WhiteElo "2388"]
[BlackElo "2206"]

1.e4 d6 2.d4 Nf6 3.Nc3 c6 4.Nf3 g6 5.Bc4 Bg7 6.Qe2 O-O 7.O-O d5 8.Bd3 Bg4
9.e5 Nfd7 10.Bf4 Qb6 11.Rfd1 Qxb2 12.Qd2 Qa3 13.Rdb1 Bxf3 14.gxf3 b5 15.Rb3 Qa5
16.a4 b4 17.Ne2 c5 18.Bb5 a6 19.Bxd7 Nxd7 20.Bg5 e6 21.Be7 Rfe8 22.Bd6 Rac8
23.f4 Bf8 24.Bxf8 Rxf8 25.Rh3 f5 26.Kh1 cxd4 27.Nxd4 Nc5 28.f3 Rf7 29.Rg3 Rg7
30.h4 h5 31.Rg5 Kf7 32.Rag1 Qxa4 33.Qg2 Rcg8 34.Ne2 Qd7 35.Ng3 Kf8 36.Qf2 Qc7
37.Qd4 Qb6 38.Qf2 a5 39.Ne2 Na4 40.Nd4 Nc3 41.Qd2 Kf7 42.Qd3 a4 43.Ra1 a3
44.Rg2 Rc8 45.Nb3 Rc4 46.Qd2 Na4 47.Rb1 Nc3 48.Ra1 Nb5 49.Rd1 Rg8 50.Rdg1 Rc3
51.Qe2 Rc4 52.Qd2 Na7 53.Nc1 Nc6 54.Nd3 b3 55.cxb3 Qxb3 56.Rg3 Qc2  1/2-1/2

[Event "Pan-American Intercollegiate"]
[Site "South Padre Island USA"]
[Date "2009.12.28"]
[Round "2"]
[White "Flores Rios,M"]
[Black "Balasubramanian,A"]
[Result "1-0"]
[WhiteElo "2510"]
[BlackElo "1876"]

1.e4 d6 2.d4 Nf6 3.Nc3 Nbd7 4.Be3 e5 5.f3 c6 6.Qd2 Be7 7.g4 d5 8.dxe5 Nxe5
9.g5 Nh5 10.exd5 h6 11.O-O-O hxg5 12.d6 Bf6 13.Ne4 Bf5 14.d7+ Kf8 15.Nxf6 gxf6
16.Ne2 Kg7 17.f4 Nc4 18.Qc3 Nxe3 19.Qxe3 Qb6 20.Nd4 Bxd7 21.fxg5 c5 22.gxf6+ Qxf6
23.Rg1+ Kf8 24.Nb3 Bc6 25.Qxc5+ Qe7 26.Qc3 Nf6 27.Nd4 Rxh2 28.Nf5 Qe6 29.Qc5+  1-0

[Event "18th Donau Open"]
[Site "Aschach AUT"]
[Date "2009.12.29"]
[Round "5"]
[White "Sadilek,P"]
[Black "Schneider Zinner,H"]
[Result "0-1"]
[WhiteElo "2202"]
[BlackElo "2325"]

1.e4 d6 2.d4 Nf6 3.Nc3 e5 4.Nf3 Nbd7 5.Bc4 Be7 6.O-O O-O 7.a4 a5 8.Re1 c6
9.b3 exd4 10.Nxd4 Nb6 11.Bf1 d5 12.exd5 Nbxd5 13.Nxd5 Nxd5 14.Ba3 Bxa3 15.Rxa3 Qf6
16.Ra1 Rd8 17.Qe2 Bd7 18.Qe5 Qxe5 19.Rxe5 Re8 20.Rae1 Kf8 21.Bc4 Nb6 22.Bd3 Rxe5
23.Rxe5 Re8 24.Rxe8+ Kxe8 25.f4 Ke7 26.Kf2 g6 27.f5 Kf6 28.fxg6 fxg6 29.Nf3 Nd5
30.Be4 Nc3 31.Bd3 b5 32.axb5 cxb5 33.Ke3 a4 34.Kd4 a3  0-1

[Event "North American Open"]
[Site "Las Vegas USA"]
[Date "2009.12.29"]
[Round "7"]
[White "Krishnan,V"]
[Black "Vulis,D"]
[Result "1-0"]
[WhiteElo "2042"]
[BlackElo "2100"]

1.e4 d6 2.d4 Nf6 3.Nc3 c6 4.f3 Nbd7 5.Be3 e5 6.Qd2 b5 7.O-O-O Bb7 8.g4 Be7
9.h4 Qa5 10.Kb1 exd4 11.Bxd4 b4 12.Nce2 c5 13.Be3 Ne5 14.Ng3 g6 15.g5 Nfd7
16.Be2 Nb6 17.f4 Nec4 18.Bxc4 Nxc4 19.Qf2 O-O-O 20.Bc1 f5 21.exf5 Bxh1 22.Nxh1 Nb6
23.f6 Bxf6 24.gxf6 Rhf8 25.Ng3 Rxf6 26.Ne4 Re6 27.Ng5 Re7 28.f5 Nc4 29.f6 Rb7
30.f7 Rf8 31.Qe2 Ne5 32.Rxd6 Nxf7 33.Qe6+ Kb8 34.Bf4 Ka8 35.Nxh7 Ng5 36.hxg5 Rxh7
37.Qxg6 Re7 38.Re6  1-0

[Event "39th Rilton Cup"]
[Site "Stockholm SWE"]
[Date "2009.12.29"]
[Round "3"]
[White "Lindberg,Be"]
[Black "Ponkratov,P"]
[Result "0-1"]
[WhiteElo "2407"]
[BlackElo "2575"]

1.e4 d6 2.d4 Nf6 3.Nc3 e5 4.Nf3 Nbd7 5.Bc4 Be7 6.O-O c6 7.a4 a5 8.Re1 h6
9.Ba2 g5 10.dxe5 dxe5 11.Qe2 Bb4 12.Rf1 Nh5 13.g3 Qf6 14.Nd1 Ng7 15.Ne3 Nf8
16.Nf5 Nfe6 17.c3 Be7 18.Re1 Bd7 19.Bc4 Bc5 20.Be3 Bxe3 21.Qxe3 O-O 22.Rad1 Rad8
23.Qb6 g4 24.N3h4 Nxf5 25.Nxf5 Ng5 26.Rd6 Be6 27.Rxd8 Nf3+ 28.Kh1 Qxd8 29.Qe3 Bxc4
30.Nxh6+ Kh7 31.Nxg4 Qd2 32.Qxd2 Nxd2 33.Nxe5 Bb3 34.Kg2 Rd8 35.f3 f6 36.Ng4 Kg6
37.h4 Be6 38.Ne3 Nc4 39.Nxc4 Bxc4 40.f4 Rd2+ 41.Kh3 Rxb2 42.f5+ Kf7 43.e5 fxe5
44.Rxe5 b6 45.Re4 b5 46.Kg4 Bb3 47.axb5 cxb5 48.Kg5 a4 49.Rd4 a3 50.Rd7+ Ke8
51.Ra7 a2  0-1

[Event "Baroque Chess Festival"]
[Site "Buchen GER"]
[Date "2009.12.30"]
[Round "6"]
[White "Eisenbeiser,A"]
[Black "Schloetzer,W"]
[Result "0-1"]
[WhiteElo "2394"]
[BlackElo "2272"]

1.e4 d6 2.d4 Nf6 3.Nc3 e5 4.Nge2 Nc6 5.f3 exd4 6.Nxd4 g6 7.Be3 Bg7 8.Qd2 O-O
9.O-O-O Re8 10.g4 Ne5 11.Be2 a6 12.h4 b5 13.h5 Bb7 14.hxg6 fxg6 15.Bh6 Bh8
16.Nb3 Nf7 17.Bf4 b4 18.Nb1 Bxe4 19.g5 Bb7 20.gxf6 Qxf6 21.c3 Rxe2 22.Qxe2 Qxf4+
23.N3d2 Ne5 24.cxb4 Bxf3  0-1